Social history of Bengal (Record no. 26494)

000 -LEADER
fixed length control field 00475nam a2200181 4500
001 - CONTROL NUMBER
control field 26494
003 - CONTROL NUMBER IDENTIFIER
control field BD-DhUET
008 - FIXED-LENGTH DATA ELEMENTS--GENERAL INFORMATION
fixed length control field 710713s1970 pk 001 0 eng
040 ## - CATALOGING SOURCE
Original cataloging agency DLC
Transcribing agency DLC
Modifying agency BD-DhUET
082 ## - DEWEY DECIMAL CLASSIFICATION NUMBER
Classification number 309.5492
Edition number KAM/1970
100 ## - MAIN ENTRY--PERSONAL NAME
Personal name Kamruddin Ahmad
245 12 - TITLE STATEMENT
Title Social history of Bengal
250 ## - EDITION STATEMENT
Edition statement 3d ed., rev. and enl.
260 ## - PUBLICATION, DISTRIBUTION, ETC. (IMPRINT)
Place of publication, distribution, etc. Dhaka
Name of publisher, distributor, etc. Progoti Publishers
Date of publication, distribution, etc. 1970
300 ## - PHYSICAL DESCRIPTION
Extent xli,200 p.
650 #0 - SUBJECT ADDED ENTRY--TOPICAL TERM
Topical term or geographic name as entry element Social science-History
Geographic subdivision Bangladesh
942 ## - ADDED ENTRY ELEMENTS (KOHA)
Koha item type General Book
Holdings
Piece designation (barcode) Lost status Sublocation or collection (holding branch) Koha full call number Location (home branch) Price effective from Damaged status Withdrawn status Koha date last seen Koha normalized classification for sorting Source of classification or shelving scheme Date acquired Koha item type Copy number Shelving location Not for loan
17188 Central Library, BUET954.14/KAM/1970Central Library, BUET2015-05-19  2015-05-19954_140000000000000_KAM_1970 2015-05-19Contented Book 1Circulation section 
35144 Central Library, BUET309.5492/KAM/1970 Central Library, BUET2017-05-23  2017-05-23309_549200000000000_KAM_1970 1975-05-31General Book2Circulation section